000 00543nam a2200193Ia 4500
005 20250326142108.0
008 250326s9999 xx 000 0 und d
020 _a0-631-14255-X
037 _aTextbook
040 _aFMSL
_beng
_cFMSL
041 _aeng
_2eng
084 _aB28910bX M6
_qFMSL
100 _aBinmore Ken
245 0 _aEconomic organizations as games
_cBinmore Ken; Dasgupta Partha
260 _aUSA
_bUSA, Basil blackwell
_c1986
300 _a219p
942 _cTB
_hB28910bX M6
999 _c1293415
_d1293415